Countries Most Similar To Israel - Statistics

General Stats
  • This quiz has been taken 255 times
  • The average score is 10 of 20
Answer Stats
Rank Country Score % Correct
2 Greece 65.3
83%
8 Lebanon 62.9
82%
1 Italy 66.4
78%
8 Spain 62.9
75%
16 Jordan 62.0
72%
4 Cyprus 63.3
70%
13 France 62.5
69%
7 Germany 63.0
64%
10 Bulgaria 62.8
40%
11 Croatia 62.7
40%
16 Austria 62.0
38%
3 Belgium 64.0
34%
13 Slovenia 62.5
34%
5 Netherlands 63.2
33%
19 Hungary 61.9
32%
16 Czech Republic 62.0
31%
19 Tunisia 61.9
31%
5 Denmark 63.2
22%
15 Luxembourg 62.2
20%
12 Montenegro 62.6
19%
No matching quizzes found
Score Distribution
Percent of People with Each Score
Percentile by Number Answered
Your Score History
You have not taken this quiz